Sports Quiz

Random Sports or Baseball Quiz

Strikeouts / Base On Balls Quiz Stats

Quiz not verified by Sporcle

Challenge
Share
Tweet
Embed
Score 0/30 Timer 10:00
0 Plays Today
Years in the league Answer % Correct
23Greg Maddux
74.1%
18Pedro Martinez
70.7%
20Curt Schilling
58.6%
12Cliff Lee
48.3%
19Mariano Rivera
44.8%
12Johan Santana
44.8%
16Roy Halladay
43.1%
18Trevor Hoffman
32.8%
18Mike Mussina
29.3%
16Doug Jones
25.9%
10Zack Greinke
22.4%
10Tommy Bond
20.7%
8Cole Hamels
20.7%
16Bret Saberhagen
19%
8Adam Wainwright
19%
Years in the league Answer % Correct
13Roy Oswalt
17.2%
10Ben Sheets
10.3%
6Sam Weaver
10.3%
11Dan Haren
8.6%
13Shane Reynolds
8.6%
8James Shields
6.9%
12Brad Radke
6.9%
6Max Scherzer
6.9%
14Jon Lieber
5.2%
14Javier Vazquez
5.2%
17Monte Ward
1.7%
11George Bradley
1.7%
15Rick Reed
1.7%
10Jim Whitney
0%
8Ricky Nolasco
0%

You're not logged in!

Compare scores with friends on all Sporcle quizzes.
Sign Up with Email
OR
Log In

You Might Also Like...

Show Comments

Extras

Top Quizzes Today


Score Distribution

Your Account Isn't Verified!

In order to create a playlist on Sporcle, you need to verify the email address you used during registration. Go to your Sporcle Settings to finish the process.